|
|
|
|
| LEADER |
01057cam a2200253 a 4500 |
| 001 |
0000064946 |
| 005 |
20081201090000.0 |
| 040 |
|
|
|a mod
|
| 041 |
|
|
|a eng
|
| 020 |
0 |
0 |
|a 0471379441, 0471318620(alk paper)
|
| 090 |
0 |
0 |
|a 940.5486
|b BRE
|e 1999
|
| 100 |
1 |
0 |
|a Breuer
|h William B
|
| 245 |
1 |
0 |
|a Undercover tales of World War II
|c William B. Breuer
|
| 260 |
0 |
0 |
|a New York
|b John Wiley & Sons
|c 1999
|
| 300 |
0 |
0 |
|a xi, 242p.
|b ill.
|c 24cm
|
| 500 |
0 |
0 |
|a Includes bibliographical references and index
|
| 650 |
0 |
0 |
|a World war
|y 1939-1945
|x Secret service
|
| 650 |
0 |
0 |
|a Espionage
|x History
|y 20th century
|
| 852 |
0 |
0 |
|a 01
|
| 999 |
|
|
|a 0172506
|b 2 Rejimen Artileri Diraja
|d BOOKS
|e Umum
|f Other Branches
|j AVAILABLE
|q GOOD CONDITION
|
| 999 |
|
|
|a 0172507
|b KEMENTAH
|d BOOKS
|e Umum
|f Perpustakaan KEMENTAH
|j WEEDED
|q GOOD CONDITION
|
| 999 |
|
|
|a 0201209
|b PUSWATAN
|d BOOKS
|e Umum
|f PUSWATAN
|j AVAILABLE
|q GOOD CONDITION
|
| 999 |
|
|
|a 0208015
|b KEMENTAH
|d BOOKS
|e Umum
|f Perpustakaan KEMENTAH
|j AVAILABLE
|q GOOD CONDITION
|
| 999 |
|
|
|a 0223213
|b KEMENTAH
|d BOOKS
|e Umum
|f Perpustakaan KEMENTAH
|j AVAILABLE
|q GOOD CONDITION
|